000
00327nam a2200133Ia 4500
008
240624s9999 xx 000 0 und d
041
_a
eng
082
_a
658.83 AAK
100
_a
AAKER DAVID A
245
_a
MARKETING RESEARCH
250
_a
(9th ed.)
260
_c
2008
_a
New Delhi
_b
Wiley India
300
_a
774 : p. : cm. ; 24
999
_c
13260
_d
13260